000 00784nam a2200241Ia 4500
008 180523s9999 xx 000 0 und d
020 _a0-8213-5769-7
050 _aMAIN HC 59.72
050 _b.P63C63 2004
100 _aCoady, David.
245 0 _aTargeting of transfers in developing countries :
245 0 _breview if lessons and experience /
245 0 _cDavid Coady, Margaret Grosh, John Hoddinott.
260 _aWashington D.C. :
260 _bWorld Bank,
260 _c2004
300 _a109 pages :
300 _c24 cm.
500 _aIncludes bibliographical references and index.
650 _aDeveloping countries -- Economic conditions.
650 _aEconomic assistance, Domestic -- Developing countries.
650 _xPoverty -- Developing countries.
999 _c356794
_d356794